[Event "Baltic Zonal II Stage 2018"]
[Site "Palanga"]
[Date "2018.06.17"]
[Round "5"]
[White "Pedoson, Georg Aleksander"]
[Black "Haavamae, Henrik"]
[Result "1-0"]
[WhiteElo "2125"]
[BlackElo "2209"]
[Annotator "NA"]
[PlyCount "41"]
[EventDate "2018.??.??"]
[EventType "swiss"]
[EventCountry "LTU"]
[SourceTitle "playchess.com"]
[Source "ChessBase"]
[SourceQuality "1"]
[TimeControl "5400+30"]

{[%evp 10,40,124,147,159,32767,302,32767,331,323,521,557,554,592,630,612,1153,32767,506,504,502,569,959,32767,32767,32767,32767,32767,617,603,592,560,777]} 1. c4 {[%emt 0:00:00]} Nf6 {[%emt 0:00:12]} 2. Nc3 {[%emt 0:00:00]} c6 {[%emt 0:01:24]} 3. Nf3 {[%emt 0:01:04]} d5 {[%emt 0:00:21]} 4. d4 {[%emt 0:01:18]} Bf5 {[%emt 0:02:48]} 5. Qb3 {[%emt 0:03:35]} b6 {[%emt 0:03:26]} ({Besser ist} 5... Qb6 $14) 6. cxd5 {[%emt 0:01:34]} cxd5 {[%emt 0:00:07]} 7. Bg5 {[%emt 0:01:23]} e6 $2 {[%emt 0:01:49] [#] D13: Slav Defence: Exchange variation without ...Bf5} (7... Nbd7 $16) 8. e4 $1 {[%emt 0:10:04]} dxe4 {[%emt 0:15:32]} 9. Bb5+ {[%emt 0:11:48]} Ke7 $2 {[%emt 0:00:28]} (9... Nbd7) 10. Ne5 {[%emt 0:00:12]} a6 {[%emt 0:10:38]} 11. Bc6 {[%emt 0:01:27]} Ra7 {[%emt 0:00:05]} 12. d5 {[%emt 0:00:30]} h6 {[%emt 0:03:42]} 13. Qb4+ {[%emt 0:11:13]} Qd6 {[%emt 0:00:15]} 14. Qxb6 {[%emt 0:00:03]} hxg5 $146 {[%emt 0:03:39]} ({Predecessor:} 14... Qc7 15. d6+ Kxd6 16. Qb4+ Kxe5 17. f4+ exf3 18. Qf4# {1-0 (18) Dzagnidze,N (2479)-Al Housa,K (2019) Dubai 2010}) 15. Qxa7+ {[%emt 0:00:04]} Nbd7 {[%emt 0:00:05]} (15... Nfd7 $142 16. Nxd7 Nxd7) 16. Nc4 {[%emt 0:00:21]} Qb8 {[%emt 0:00:46]} 17. d6+ {[%emt 0:00:14]} Kd8 {[%emt 0:00:07]} 18. Qxa6 {[%emt 0:00:09]} Bxd6 {[%emt 0:00:42]} 19. Rd1 {[%emt 0:00:55]} Bc7 {[%emt 0:01:04]} 20. Qa4 {[%emt 0:02:33]} e5 $18 {[%emt 0:00:48]} 21. Nxe4 {[%emt 0:00:50]} 1-0

[Event "Baltic Zonal II Stage 2018"]
[Site "Palanga"]
[Date "2018.06.17"]
[Round "6"]
[White "Kulaots, Kaido"]
[Black "Miezis, Normunds"]
[Result "1/2-1/2"]
[WhiteElo "2574"]
[BlackElo "2468"]
[Annotator "TA"]
[PlyCount "45"]
[EventDate "2018.??.??"]
[EventType "swiss"]
[EventCountry "LTU"]
[SourceTitle "playchess.com"]
[Source "ChessBase"]
[SourceQuality "1"]

{[%evp 15,45,53,53,53,60,62,71,58,79,75,73,38,47,8,10,0,17,8,6,0,0,0,8,0,0,0,0,0,0,0,0,0]} 1. e4 c5 2. Nf3 e6 3. d4 cxd4 4. Nxd4 a6 5. c4 Nc6 6. Nc3 Nf6 7. Nxc6 dxc6 8. Qxd8+ {B28: Sicilian: 2 Nf3 a6 (O'Kelly Variation)} Kxd8 {LiveBook: 3 Games} 9. Bf4 b5 (9... Nd7 10. e5 f6 11. O-O-O Ke7 12. exf6+ gxf6 13. Be2 h5 14. Bc7 b5 15. Ne4 bxc4 16. Bxc4 {1-0 (47) Fedorchuk,S (2640)-Miezis,N (2420) Germany 2018}) 10. O-O-O+ {White is slightly better.} Nd7 11. e5 $146 ({Predecessor:} 11. Be2 Bc5 12. Bg3 f6 13. e5 f5 14. Bf3 Bb7 15. cxb5 axb5 16. Nxb5 Rxa2 {1-0 (29) Sliwicka,A (2092)-Krzyzanowska Zadlo,L (1848) Jastrzebia Gora 2016}) 11... Ke8 12. Be2 bxc4 13. Na4 Bb7 14. Bf3 Rb8 {The position is equal.} 15. Rd2 {[#] aiming for Rhd1.} c5 16. Bxb7 Rxb7 17. Re1 Be7 18. Re4 h5 19. Be3 Rb4 20. Nc3 Rb7 21. Na4 Rb4 22. Nc3 Rb7 23. Na4 {Precision: White = 43%, Black = 78%.} 1/2-1/2

[Event "Baltic Zonal II Stage 2018"]
[Site "Palanga"]
[Date "2018.06.17"]
[Round "6"]
[White "Kantans, Toms"]
[Black "Bernotas, Arturs"]
[Result "1-0"]
[WhiteElo "2526"]
[BlackElo "2407"]
[Annotator "TA"]
[PlyCount "87"]
[EventDate "2018.??.??"]
[EventType "swiss"]
[EventCountry "LTU"]
[SourceTitle "playchess.com"]
[Source "ChessBase"]
[SourceQuality "1"]

{[%evp 19,87,-54,-51,-61,-18,-60,-46,-64,-63,-64,-14,-19,0,0,0,0,8,12,37,25,17,31,33,29,37,25,25,26,26,27,15,8,8,8,11,14,20,8,3,0,0,0,93,87,92,55,62,40,248,225,196,166,438,465,393,431,803,814,891,867,5189,5849,29976,29977,29977,29978,29978,29979,29984,29985]} 1. e4 e5 2. Nf3 Nc6 3. Bb5 a6 4. Ba4 d6 5. d4 b5 6. Bb3 Nxd4 7. Nxd4 exd4 8. c3 dxc3 9. Nxc3 Nf6 {C71: Ruy Lopez: Deferred Steinitz Variation, sidelines} 10. O-O (10. e5 dxe5 11. Bxf7+ Ke7 12. Qb3 c5 13. Bd5 c4 14. Qd1 Nxd5 15. Nxd5+ Ke6 16. Qg4+ Kxd5 17. Qd1+ {½-½ (54) Sanal,V (2474)-Adhiban,B (2666) Doha 2016}) 10... Be7 {LiveBook: 3 Games} 11. Qf3 Bd7 $146 {Black is slightly better.} ({Predecessor:} 11... Bb7 12. Qg3 O-O 13. Bh6 Ne8 14. f4 Kh8 15. Bg5 f6 16. Bh4 f5 17. Bxe7 Qxe7 18. exf5 Rxf5 {½-½ (46) Yates,F-Rubinstein,A Karlsbad 1923}) 12. Nd5 O-O 13. Bf4 Nxd5 14. Bxd5 Rb8 15. Rac1 Bf6 16. b4 Rc8 17. Rfd1 c6 18. Bb3 Be5 19. Rxd6 Bxd6 20. Bxd6 Qg5 21. Rd1 Bg4 22. Qg3 Qg6 $1 23. f3 Be6 {White must now prevent ...Qxg3.} 24. Qxg6 hxg6 25. Bxe6 fxe6 26. Bxf8 Kxf8 $11 {[%mdl 4096] Endgame KR-KR} 27. Rc1 Ke7 28. Kf2 Kd6 29. f4 a5 30. e5+ Kc7 (30... Kd5 $11 {keeps the balance.}) 31. bxa5 $16 Ra8 32. Kf3 Rxa5 33. Rc2 Kb6 $2 (33... g5 $1 $14) 34. Kg4 $1 $18 c5 35. Kg5 c4 $2 (35... Ra4) 36. Kxg6 Kc5 37. Kxg7 b4 {[#]} (37... Kd5 $142 38. f5 exf5) 38. f5 $1 exf5 39. e6 {[%cal Be5e6,Be6e7][%mdl 32]} Kd6 40. Kf6 c3 {[#]} 41. Re2 $1 {White mates.} Ra8 42. e7 Re8 43. Kf7 c2 44. Rd2+ {Precision: White = 77%, Black = 28%.} 1-0

[Event "Baltic Zonal II Stage 2018"]
[Site "Palanga"]
[Date "2018.06.17"]
[Round "6"]
[White "Meskovs, Nikita"]
[Black "Laurusas, Tomas"]
[Result "1/2-1/2"]
[WhiteElo "2515"]
[BlackElo "2453"]
[Annotator "TA"]
[PlyCount "118"]
[EventDate "2018.??.??"]
[EventType "swiss"]
[EventCountry "LTU"]
[SourceTitle "playchess.com"]
[Source "ChessBase"]
[SourceQuality "1"]

{[%evp 13,118,0,14,25,24,23,30,6,31,44,36,36,30,8,7,19,28,0,0,0,14,-18,16,6,11,15,9,20,14,9,6,13,38,22,64,0,0,0,0,0,0,-51,0,0,0,-59,-53,-170,-29,-38,0,-85,-80,-96,-21,-25,0,0,0,0,0,0,0,0,0,0,0,0,0,0,17,0,0,0,0,0,0,-10,-8,-35,-24,-35,-37,-35,-35,-35,-35,-35,-35,-43,-42,-50,-36,-34,-15,-42,0,-24,0,0,0,0,0,0,0,0,0]} 1. Nf3 d5 2. g3 Nf6 3. Bg2 c6 4. O-O Bf5 5. c4 e6 6. cxd5 exd5 7. d3 Be7 8. Qb3 {A11: English Opening: 1...c6} (8. Qc2 O-O 9. Nc3 Na6 10. a3 d4 11. Nb1 c5 12. Bg5 h6 13. Bxf6 Bxf6 14. Nbd2 Rc8 15. Rfe1 Qd7 {½-½ (68) Duda,J (2717)-Naiditsch,A (2705) Riadh 2017}) 8... Qb6 9. Qc2 O-O 10. Nc3 {White has an edge.} h6 11. e4 Bh7 12. Be3 Qa6 13. Rfe1 dxe4 14. dxe4 Nbd7 15. h3 Rfe8 $146 ({Predecessor:} 15... Nc5) 16. a3 Bf8 {[%cal Rf6e4]} 17. Nd4 Rad8 18. f3 $36 {[%mdl 2048] Black is under pressure.} Qa5 19. b4 Qc7 20. Bf2 a5 21. Rab1 axb4 22. axb4 Ra8 23. f4 c5 24. Ndb5 (24. bxc5 $1 $14 Bxc5 25. Qd2) 24... Qc8 $11 25. bxc5 Nxc5 26. Bxc5 Qxc5+ 27. Qf2 (27. Kh2 $11) 27... Qc4 (27... Qxf2+ $15 28. Kxf2 Rad8) 28. Qe2 Rac8 29. Rb2 (29. Qxc4 $11 Rxc4 30. f5) 29... Bb4 $15 30. Rc2 (30. Qxc4 $15 Rxc4 31. Rb3) 30... Qc5+ ({Better is} 30... Qxe2 $19 31. Rexe2 Rc5) 31. Kh1 $1 $11 Qc4 32. Qxc4 (32. Kg1 $1 $11 {keeps the balance.}) 32... Rxc4 $17 33. Re3 Rec8 ({Black should try} 33... Kf8 $17 {[%cal Rf6e4]} 34. Rce2 Bc5) 34. Ra2 $11 g5 35. fxg5 hxg5 {[%cal Rb4c3]} 36. e5 Nh5 {[%cal Rb4c3]} 37. Ne2 Rc2 38. Rxc2 Rxc2 39. Bf3 Ng7 40. Nbd4 Rb2 41. Bxb7 Bc5 42. Rb3 Rd2 43. Bf3 Bg6 44. Rb8+ Kh7 45. Rd8 Nf5 {[%cal Rf5d4]} 46. Ne6 Rxe2 {[%cal Rf5g3] [#]} 47. Nxg5+ Kh6 {[%cal Rf5g3]} 48. Bxe2 {Hoping for Ne4.} Nxg3+ 49. Kg2 Nxe2 50. h4 Be7 51. Rh8+ Kg7 52. Re8 Nf4+ 53. Kg3 Nd5 54. Rb8 Ne3 55. Rb7 Kh6 56. Kf3 {The position is equal.} Nf5 57. Kg4 Ne3+ 58. Kf3 Nf5 59. Kg4 Ne3+ {Precision: White = 50%, Black = 47%.} 1/2-1/2

[Event "Baltic Zonal II Stage 2018"]
[Site "Palanga"]
[Date "2018.06.17"]
[Round "6"]
[White "Sulskis, Sarunas"]
[Black "Rozentalis, Eduardas"]
[Result "1-0"]
[WhiteElo "2506"]
[BlackElo "2519"]
[Annotator "TA"]
[PlyCount "51"]
[EventDate "2018.??.??"]
[EventType "swiss"]
[EventCountry "LTU"]
[SourceTitle "playchess.com"]
[Source "ChessBase"]
[SourceQuality "1"]

{[%evp 9,51,-16,11,2,21,5,11,20,47,49,59,62,93,66,60,85,95,56,79,50,31,33,34,34,41,41,17,18,26,20,13,0,152,72,222,211,212,207,364,370,496,486,404,391]} 1. e4 e5 2. Nc3 Nf6 3. Bc4 d6 4. d3 Be7 5. Qf3 (5. f4 Nc6 6. Nf3 exf4 7. Bxf4 O-O 8. a3 Bg4 9. h3 Bxf3 10. Qxf3 Ne5 11. Bxe5 dxe5 12. O-O c6 13. Kh1 g6 14. Ne2 Kg7 15. Rad1 Qc7 {½-½ (34) Short,N (2683)-Strikovic,A (2495) Cape Town 2015}) 5... Be6 $146 ({Predecessor:} 5... O-O 6. Nge2 Nc6 7. Qg3 Kh8 8. h4 Be6 9. Bxe6 fxe6 10. Be3 d5 11. Bd2 {1-0 (39) Alimbekov,U (1442)-Ley,S (1569) Saarlouis Steinrausch 2005}) 6. Nge2 {C24: Bishop's Opening: 2...Nf6} Nc6 7. Be3 Qd7 {aiming for ...Bg4.} 8. h3 {The position is equal.} O-O-O 9. Nd5 Bxd5 10. exd5 Na5 11. Nc3 Nxc4 12. dxc4 a6 13. a4 h5 14. O-O Rdg8 15. Bg5 Nxd5 16. Nxd5 Bxg5 17. b4 $1 {[%cal Bb2b4,Bb4b5][%mdl 32]} Bd8 18. b5 {bxa6 is the strong threat.} a5 $1 19. Rfd1 Kb8 20. c5 dxc5 $2 {[#]} (20... g5 $1 $11) 21. Nf6 $36 {[%mdl 2048] Black is under strong pressure.} ({White should play} 21. Nb6 $1 {[%cal Rb6d7][%mdl 512]} Qe7 (21... cxb6 22. Rxd7) 22. Nd7+ Ka7 23. Qc3) 21... Qe6 {[#]} (21... Qxd1+ $16 22. Rxd1 Bxf6) 22. Nd7+ $1 $18 ({Don't play} 22. Nxg8 $6 Rxg8 23. Rd5 (23. Qxh5 g6 $16) 23... Be7 $16) 22... Ka8 23. Nxc5 {[%csl Gc5][%cal Rf3b7]} Qb6 $2 (23... Qc8 {might work better.} 24. Rd7 (24. Qxf7 Rf8 $16) 24... Bf6) 24. Nd7 Qe6 25. Qc3 ({Weaker is} 25. Nc5 Qc8 $16) 25... b6 26. Nxe5 {Precision: White = 76%, Black = 37%.} 1-0

[Event "Baltic Zonal II Stage 2018"]
[Site "Palanga"]
[Date "2018.06.17"]
[Round "6"]
[White "Ladva, Ottomar"]
[Black "Samolins, Vitalijs"]
[Result "1-0"]
[WhiteElo "2499"]
[BlackElo "2406"]
[Annotator "TA"]
[PlyCount "59"]
[EventDate "2018.??.??"]
[EventType "swiss"]
[EventCountry "LTU"]
[SourceTitle "playchess.com"]
[Source "ChessBase"]
[SourceQuality "1"]

{[%evp 20,59,57,52,65,64,78,98,100,71,172,167,175,160,173,165,229,222,221,218,254,245,286,276,271,283,274,262,303,248,491,493,477,481,789,772,800,639,631,621,849,841]} 1. Nf3 Nf6 2. d4 e6 3. g3 b6 4. Bg2 Bb7 5. c4 Be7 6. O-O O-O 7. Re1 d5 8. cxd5 exd5 9. Nc3 Nbd7 10. Bf4 a6 {E17: Queen's Indian: 4 g3 Bb7 5 Bg2 Be7} (10... Ne4 11. Qb3 Ndf6 12. Red1 c5 13. dxc5 Bxc5 14. Nxe4 Nxe4 15. Be3 Re8 16. Bd4 Ba6 17. e3 Be2 18. Re1 Bxf3 19. Bxf3 Bxd4 20. exd4 {1-0 (58) Artemiev,V (2704)-Bologan,V (2610) Poikovsky 2018}) 11. Ne5 {LiveBook: 5 Games} Re8 12. Qb3 Nf8 {White is slightly better.} 13. e4 $1 c6 14. Bh3 $146 ({Predecessor:} 14. Be3 Ng6 15. Rad1 Bf8 16. h4 b5 17. exd5 cxd5 18. Bg5 {½-½ (66) Andersen,M (2485)-Kotter,R (2339) Germany 2015}) 14... Bd6 {[#]} (14... a5 $16 {keeps fighting.}) 15. Nxf7 $1 $18 {[%mdl 512]} Kxf7 {[#]} 16. Bxd6 $1 Qxd6 17. e5 ({And not} 17. Qxb6 Qb8 $11) 17... Qc7 (17... Qd8 {might work better.} 18. exf6 Qxf6) 18. exf6 gxf6 19. Na4 b5 20. Nc5 Rxe1+ 21. Rxe1 Bc8 22. Bxc8 Qxc8 23. Qf3 Qc7 24. Re5 a5 $2 (24... Qd6 {was necessary.} 25. Qf5 a5) 25. Rg5 {White threatens Qh5+ and mate.White is clearly winning.} Ng6 {[#]} 26. Rxd5 $1 {[%mdl 512]} Rd8 (26... cxd5 $142 27. Qxd5+ Ke7 28. Qxa8 f5) 27. Rh5 Nf8 28. Ne4 Qe7 29. Nxf6 Kg7 30. Qg4+ {Precision: White = 88%, Black = 32%.} 1-0

[Event "Baltic Zonal II Stage 2018"]
[Site "Palanga"]
[Date "2018.06.17"]
[Round "6"]
[White "Starostits, Ilmars"]
[Black "Klabis, Rokas"]
[Result "1-0"]
[WhiteElo "2461"]
[BlackElo "2383"]
[Annotator "TA"]
[PlyCount "75"]
[EventDate "2018.??.??"]
[EventType "swiss"]
[EventCountry "LTU"]
[SourceTitle "playchess.com"]
[Source "ChessBase"]
[SourceQuality "1"]

{[%evp 16,75,12,-4,3,0,2,-18,-19,-17,-21,-27,1,-13,33,34,39,33,46,49,181,11,110,112,137,50,115,83,97,57,201,196,203,193,347,187,297,77,84,43,50,39,39,37,307,329,331,323,329,320,346,236,505,487,526,495,664,662,959,934,910,754]} 1. d4 Nf6 2. Nf3 e6 3. e3 b6 4. Bd3 Bb7 5. O-O Be7 6. b3 O-O 7. Bb2 d5 8. Nbd2 c5 9. Ne5 {LiveBook: 91 Games. A47: 1 d4 Nf6 2 Nf3 b6: Torre, London and Colle Systems} (9. Qe2 Nbd7 10. c4 cxd4 11. exd4 Re8 12. Rac1 Rc8 13. Rfd1 Bf8 14. Ne5 dxc4 15. bxc4 Nxe5 16. dxe5 Nd7 17. Be4 Qc7 18. Bxb7 Qxb7 19. Ne4 {1-0 (49) Mamedyarov,S (2804)-Ju,W (2572) chess.com INT 2018}) 9... Nfd7 10. f4 f5 11. c4 $146 {The position is equal.} ({Predecessor:} 11. Qe2 Nf6 12. Rad1 Nbd7 13. c4 cxd4 14. exd4 Ne4 15. Nxd7 Qxd7 16. Nf3 Bd6 {½-½ (25) Jodorcovsky Werjivker,P (2202)-Villalba,M (2225) Asuncion 2015}) 11... Nxe5 12. fxe5 cxd4 13. exd4 Rf7 14. Qe2 Nd7 15. Rad1 Nf8 16. Nb1 Bg5 17. Nc3 {cxd5 is the strong threat.} Ng6 {[#]} (17... g6 $14) 18. g3 $2 (18. cxd5 $1 $18 Nf4 19. Rxf4 Bxf4 20. dxe6 Qxd4+ 21. Kh1) 18... Ne7 (18... Rc8 $1 $11) 19. Nb5 $16 Nc8 20. Ba3 (20. c5 $16) 20... Be7 ({Black should try} 20... a6 $14 21. Nd6 Nxd6 22. exd6 (22. Bxd6 Be7 $11) 22... Qf6) 21. c5 bxc5 22. dxc5 Qa5 (22... a6 $1 $14 23. Nd6 Qa5) 23. Qe1 $18 Qxe1 24. Rfxe1 (24. Rdxe1 $6 Ba6 $14) 24... f4 $2 (24... a5 25. Nd4 f4) 25. Nd4 (25. Nd6 $142) 25... Nb6 (25... a5 $142 26. Rf1 (26. Nxe6 f3 $18) 26... f3 27. Nxf3 (27. Nxe6 Na7 $16) 27... Ba6) 26. Rf1 $2 (26. Nxe6 $18 {has better winning chances.} fxg3 27. hxg3) 26... Nd7 $16 27. b4 {[%cal Bb3b4,Bb4c5,Bc5c6][%mdl 32] [#] Black must now prevent c6.} (27. c6 {feels hotter.} Bxa3 28. cxb7 Rb8 29. Nxe6 Nxe5 30. Nxf4 Rbxb7 31. Ba6) 27... Nxe5 28. gxf4 Nxd3 29. Rxd3 Bxc5 $2 {[%mdl 8192]} (29... a6 $14) 30. bxc5 $18 Ba6 31. Rdd1 Bxf1 32. Rxf1 Rc8 33. h4 (33. Nxe6 Rf6 $18) 33... Rf6 $2 (33... Rfc7 {was called for.} 34. Kg2 (34. Nxe6 Rc6 $16) 34... g6) 34. c6 {White is clearly winning.} Rg6+ 35. Kh2 h5 36. Bd6 Kf7 37. Rb1 Rf6 38. Be5 {Precision: White = 35%, Black = 16%.} 1-0

[Event "Baltic Zonal II Stage 2018"]
[Site "Palanga"]
[Date "2018.06.17"]
[Round "6"]
[White "Stremavicius, Titas"]
[Black "Seeman, Tarvo"]
[Result "1-0"]
[WhiteElo "2444"]
[BlackElo "2425"]
[Annotator "TA"]
[PlyCount "69"]
[EventDate "2018.??.??"]
[EventType "swiss"]
[EventCountry "LTU"]
[SourceTitle "playchess.com"]
[Source "ChessBase"]
[SourceQuality "1"]

{[%evp 19,69,28,72,33,67,40,92,37,31,14,37,22,26,8,8,18,13,11,14,7,30,20,14,14,20,18,16,14,34,0,0,0,10,4,27,0,0,0,0,0,69,83,163,162,206,206,206,206,29982,29983,29983,29984]} 1. d4 Nf6 {[%cal Bg8f6,Bf6d7,Bd7e5,Be5d3][%mdl 32]} 2. c4 g6 3. Nc3 Bg7 4. e4 d6 5. Bd3 O-O 6. Nge2 Nfd7 {E70: King's Indian: Miscellaneous lines with 4 e4, including 5 Nge2 and 5 Bd3 0-0 6 Nge2} (6... Nc6 7. O-O Nd7 8. Be3 e5 9. d5 Nd4 10. Bb1 Nxe2+ 11. Qxe2 a5 12. Bc2 Nf6 13. f3 b6 14. a3 Nh5 15. b4 Nf4 16. Qd2 Ba6 17. Bb3 Qe7 18. Kh1 {0-1 (28) Moiseenko,A (2667)-Kokarev,D (2615) Riadh 2017}) 7. O-O c5 8. d5 Ne5 9. f4 Nxd3 10. Qxd3 Na6 {LiveBook: 3 Games} 11. Be3 Nc7 12. a4 b6 $146 (12... f5 $14) ({Predecessor:} 12... Na6 13. f5 {½-½ (31) Pavlidou,E (2211)-Georgiev,K (2412) Porto Rio 2015}) 13. Ng3 ({White should try} 13. f5 $16) 13... a6 $14 14. Rab1 b5 15. axb5 axb5 16. cxb5 {[%cal Bc4b5,Bb5b6,Bb6b7][%mdl 32]} Bd7 17. b6 Na6 $1 18. b7 Ra7 19. b4 {aiming for bxc5.} Qb8 $1 20. bxc5 $1 Nxc5 21. Bxc5 dxc5 22. e5 Rxb7 23. Qc4 Rc8 24. Rxb7 Qxb7 25. Rb1 $36 {[%mdl 2048] White is more active.} Qa7 26. Nge4 h5 27. d6 {Hoping for Nd5.} Be6 28. Qa4 Qxa4 29. Nxa4 Bf5 (29... exd6 $1 $11 30. Nxd6 Rc6) 30. Nb6 $1 {[%cal Rb6c8]} Rb8 ({Wrong is} 30... Bxe4 $2 31. Nxc8 exd6 32. Rb8 $18) (30... Re8 $16) 31. dxe7 $18 {Strongly threatening Rd1.} Bxe4 {[#]} 32. Nd7 $1 {[%csl LRb8,LRc5][%mdl 512]} Rxb1+ 33. Kf2 Bf5 $2 (33... Bd5 $18 34. e8=Q+ Kh7 35. Nxc5 Rc1) 34. Nf6+ Bxf6 35. e8=Q+ {Precision: White = 50%, Black = 52%.} 1-0

[Event "Baltic Zonal II Stage 2018"]
[Site "Palanga"]
[Date "2018.06.17"]
[Round "6"]
[White "Malisauskas, Vidmantas"]
[Black "Kanep, Meelis"]
[Result "1/2-1/2"]
[WhiteElo "2422"]
[BlackElo "2454"]
[Annotator "TA"]
[PlyCount "87"]
[EventDate "2018.??.??"]
[EventType "swiss"]
[EventCountry "LTU"]
[SourceTitle "playchess.com"]
[Source "ChessBase"]
[SourceQuality "1"]

{[%evp 17,87,33,35,35,45,15,12,0,21,0,-3,-10,-7,-6,0,0,0,0,0,0,4,0,26,0,2,0,0,0,0,0,0,0,0,0,0,0,0,0,0,0,23,7,8,0,0,0,0,0,13,0,83,96,345,80,110,80,87,80,95,95,95,95,80,43,37,0,0,0,0,0,0,0]} 1. d4 d5 2. c4 dxc4 3. e4 Nc6 4. Nf3 Bg4 5. d5 Ne5 6. Bf4 Ng6 {D20: Angenommenes Damengambit} 7. Bg3 (7. Be3 Nf6 8. Bxc4 e5 9. Nc3 Bd6 10. Bb5+ Kf8 11. O-O Nf4 12. Re1 g5 13. g3 Nh3+ 14. Kh1 {½-½ (46) Matlakov,M (2701)-Edouard,R (2613) Caleta 2017}) 7... e5 8. Bxc4 Bd6 9. Bb5+ Bd7 {LiveBook: 4 Partien} 10. Qb3 Nf6 11. Bxd7+ $146 ({Vorgänger:} 11. Nbd2 O-O 12. Bxd7 Nxd7 13. O-O Nc5 14. Qc2 {1-0 (40) Adianto,U (2589)-Williams,L (2348) Turin 2006}) 11... Qxd7 12. Nc3 O-O 13. Qxb7 Rfb8 14. Qa6 Rxb2 15. O-O Rb6 16. Qd3 Nh5 17. Rfb1 Rab8 18. Rxb6 Rxb6 19. Rb1 Nhf4 20. Qd1 h6 21. h3 Rxb1 22. Qxb1 c6 23. Qb3 {Schwarz muss nun Da4 beachten.} cxd5 24. Bxf4 Nxf4 25. Nxd5 Nxd5 26. Qxd5 Qc7 27. g3 Kh7 28. Kg2 Kg8 29. a4 g6 30. a5 Kg7 31. a6 Kf6 32. g4 Qb6 33. h4 {Droht g5+ und aus.} Qc7 (33... Kg7 $1 $11) 34. h5 $16 Qc5 $2 {[#]} (34... Bf8 $16) 35. Qa8 $2 (35. g5+ $1 $18 {[%mdl 512] und der Rest ist Schweigen.} hxg5 36. h6) 35... Kg7 36. hxg6 fxg6 37. g5 hxg5 38. Nxg5 {jetzt Se6+ und aus.} Kf6 39. Nf3 Qc7 40. Kg3 Kg7 41. Qe8 Qf7 {Die Stellung ist ausgeglichen.} 42. Qxf7+ Kxf7 43. Kg4 Kf6 44. Ne1 {Precision: Weiß = 40%, Schwarz = 63%.} 1/2-1/2

[Event "Baltic Zonal II Stage 2018"]
[Site "Palanga"]
[Date "2018.06.17"]
[Round "6"]
[White "Pultinevicius, Paulius"]
[Black "Kovalenko, Igor"]
[Result "1-0"]
[WhiteElo "2395"]
[BlackElo "2632"]
[Annotator "TA"]
[PlyCount "148"]
[EventDate "2018.??.??"]
[EventType "swiss"]
[EventCountry "LTU"]
[SourceTitle "playchess.com"]
[Source "ChessBase"]
[SourceQuality "1"]

{[%evp 18,148,32,35,29,26,26,36,35,36,36,36,36,36,36,21,45,30,39,23,57,31,65,31,30,25,40,47,58,30,49,49,68,71,78,66,85,78,75,25,68,71,116,81,76,79,78,92,141,59,74,58,64,84,137,142,154,147,156,141,148,166,151,0,150,0,155,0,132,0,196,204,217,147,155,0,254,193,233,241,295,298,279,254,241,244,243,257,283,298,272,297,300,294,299,300,281,281,301,303,338,308,275,280,358,331,333,341,316,211,343,304,383,266,255,244,293,277,383,347,477,435,814,783,838,794,717,715,1362,1502,4276,4422,1487]} 1. Nf3 d5 2. d4 Nf6 3. c4 e6 4. Nc3 a6 5. cxd5 exd5 6. Bg5 {D37: Queen's Gambit Declined: 5 Bf4} Be6 7. e3 Nbd7 8. Bd3 Bd6 9. O-O O-O 10. Qc2 {LiveBook: 10 Games} Qb8 11. Bf4 c6 12. Bxd6 Qxd6 13. h3 a5 {[#]} 14. Rfd1 $146 Rfc8 15. Rac1 h6 16. Ne2 Kh8 17. Ng3 Rg8 18. Qc3 g6 19. Ne5 h5 20. f4 Rg7 21. Qe1 Rag8 22. Rc2 a4 23. a3 Qb8 24. Qb4 h4 25. Nf1 Bf5 26. Qxa4 Bxd3 27. Rxd3 g5 28. Nh2 gxf4 29. exf4 Nf8 30. Qb4 {Qe7 is the strong threat.} Ne4 31. f5 {Hoping for f6!} f6 32. Neg4 Nh7 33. Qe1 ({Better is} 33. Nf3 $1 $16) 33... Ng3 34. Nf1 $36 {[%cal Rf1g3][%mdl 2048] White fights for an advantage.} Nxf5 35. Qf2 Rg5 (35... Nd6 $142) 36. Rf3 $1 $16 {[%cal Rf3f5]} Qc8 37. Re2 Qd7 38. Rf4 R8g6 39. Qe1 Rg8 40. Qf2 $2 (40. b4 $16) 40... Qc8 (40... R8g6 $1 $11) 41. Qe1 Qd7 $1 42. Qf2 $2 (42. a4 $16) 42... Rh5 (42... Qc8 $11 {remains equal.}) 43. Qe1 (43. Re1 $16) 43... b6 $2 (43... Rhg5 $1 $11) 44. b4 $18 b5 45. Qf2 Qc8 46. Qe1 $2 (46. Re1 $16) 46... Nd6 $2 {[%mdl 8192]} (46... Qd7 $1 $11 {and Black is okay.}) 47. Nd2 f5 48. Ne5 Qd8 49. Nxc6 Qg5 50. Ref2 Re8 51. Ne5 {Black must now prevent Nf7+!} Nf6 52. Qc1 Qg7 53. Qc6 Re6 54. Rxf5 Rxf5 55. Rxf5 Nxf5 56. Qxe6 Nxd4 57. Qc8+ $1 Kh7 58. Ndf3 Ne2+ 59. Kf2 Ng3 60. Ke1 Nfe4 61. Qd7 Qxd7 62. Nxd7 {[%mdl 4096] Endgame KNN-KNN} Nf5 63. Nf8+ Kh6 (63... Kg7 $142) 64. Ne6 Ned6 65. Ned4 Nxd4 66. Nxd4 {KN-KN} Kg5 67. Nf3+ $1 Kf4 68. Nxh4 Kg3 69. Ng6 {White is clearly winning.} Nc4 (69... Kxg2 $142 70. h4 Kf3) 70. Ne7 Nxa3 71. Nxd5 Nc4 {[#]} 72. Ke2 $1 {[%cal Re2d3]} Ne5 {[#]} 73. Ke3 $1 {[%cal Re3e4]} Kxg2 74. Ke4 Nf7 {Precision: White = 54%, Black = 32%.} 1-0